[Event "Open B - Condom 2009"]
[Site "Condom"]
[Date "????.??.??"]
[Round "3.6"]
[White "Broly, Jean-Christophe"]
[Black "Broly, Marine"]
[Result "1-0"]
[WhiteElo "1474"]
[BlackElo "1540"]
[PlyCount "35"]

1.Nf3 d5 2.d4 Nf6 3.e3 e6 4.c4 dxc4 5.Bxc4 a6 6.a4 c5 7.O-O b6 8.Re1 Bb7 
9.Nc3 Nbd7 10.e4 cxd4 11.Nxd4 Bb4 12.e5 Nd5 13.Qg4 Nxc3 14.Qxg7 Rf8 15.Bg5
Qc7 16.Nxe6 fxe6 17.bxc3 Bxc3 
    ( 17...Bc5 )
18.Qe7# 1-0

[Event "Open B - Condom 2009"]
[Site "Condom"]
[Date "????.??.??"]
[Round "3.20"]
[White "Espinosa, Monica"]
[Black "Pokee, Michele"]
[Result "0-1"]
[WhiteElo "1109"]
[BlackElo "1400"]
[PlyCount "80"]

1.e4 e5 2.Nc3 Bc5 3.Nf3 Nc6 4.Bc4 Nf6 5.O-O d6 6.d3 h6 7.h3 O-O 8.a3 Be6 
9.Be3 Bb6 10.Bxb6 axb6 11.Ba2 Bxa2 12.Rxa2 Nb4 13.axb4 Rxa2 14.Nxa2 Qa8 
15.Nc3 Qa7 16.Nb5 Qb8 17.Nc3 c6 18.Qd2 Nh7 19.Ne2 f5 20.Ng3 fxe4 21.dxe4 
Qd8 22.Nh5 Qe8 23.Ng3 Qe7 24.Nf5 Qe6 25.N3h4 Rf6 26.Qe3 Ng5 27.Qxb6 Nxe4 
28.Qxb7 Rxf5 29.Nxf5 Qxf5 30.f3 Ng3 31.Rf2 Qf4 32.Kh2 Ne4+ 33.Kg1 Nxf2 34.
Kxf2 Qd2+ 35.Kg3 Qxc2 36.Qc8+ Kh7 37.Qd7 Qg6+ 38.Qg4 Qxg4+ 39.Kxg4 d5 40.
Kf5 d4 0-1

[Event "OPEN A"]
[Site "Condom"]
[Date "????.??.??"]
[Round "7.45"]
[White "Riviere, Frederic"]
[Black "Grezels, Florian"]
[Result "0-1"]
[WhiteElo "1860"]
[BlackElo "1730"]
[PlyCount "46"]

1.e4 e5 2.Nf3 Nc6 3.Bb5 a6 4.Ba4 Nf6 5.d3 d6 6.h3 b5 7.Bb3 Na5 8.c3 Nxb3 
9.Qxb3 Be6 10.Qc2 c5 11.Bg5 Be7 12.Nbd2 Nd7 13.Be3 f5 14.exf5 Bxf5 15.b3 
d5 16.Nf1 c4 17.Rd1 Bxd3 18.Rxd3 cxd3 19.Qxd3 e4 20.Qxd5 exf3 21.Qxf3 Bf6 
22.Bd2 O-O 23.Ne3 Ne5 0-1

[Event "Open B - Condom 2009"]
[Site "Condom"]
[Date "????.??.??"]
[Round "2.12"]
[White "Boutillon, Nathanael"]
[Black "Calmels, Valentin"]
[Result "1-0"]
[WhiteElo "1620"]
[BlackElo "1280"]
[PlyCount "27"]

1.e4 e5 2.Nf3 Nc6 3.Bc4 Nf6 4.d3 Bc5 5.Nc3 O-O 6.Bg5 d6 7.Nd5 Bg4 8.Qc1 
Bh5 9.Bxf6 gxf6 10.Qh6 Bg6 11.h4 Kh8 12.h5 Rg8 13.hxg6 Rxg6 14.Qxh7# 1-0

[Event "CONDOM 2012 OpenA "]
[Site "Condom"]
[Date "????.??.??"]
[Round "5.2"]
[White "Dgebuadze, Alexandre"]
[Black "Manea, Alexandru"]
[Result "1/2-1/2"]
[WhiteElo "2563"]
[BlackElo "2369"]
[PlyCount "38"]

1.c4 Nf6 2.Nc3 c6 3.e4 d5 4.exd5 cxd5 5.cxd5 Nxd5 6.Nf3 Nc6 7.Bb5 Nxc3 8.
bxc3 g6 9.O-O Bg7 10.Re1 O-O 11.Ba3 Bf6 12.d4 Bg4 13.h3 Bxf3 14.Qxf3 Rc8 
15.Rab1 Qa5 16.Bc5 b6 17.Bxc6 bxc5 18.d5 Kg7 19.Rbd1 Rfd8 1/2-1/2

[Event "OPEN A"]
[Site "Condom"]
[Date "????.??.??"]
[Round "6.3"]
[White "Manolache, Marius"]
[Black "Simon, Olivier"]
[Result "1-0"]
[WhiteElo "2479"]
[BlackElo "2322"]
[PlyCount "63"]

1.d4 Nf6 2.c4 g6 3.Nf3 Bg7 4.Nc3 O-O 5.Bg5 h6 6.Bf4 c5 7.d5 d6 8.e3 Nh5 9.
Bd3 Nxf4 10.exf4 e6 11.dxe6 Bxe6 12.f5 Bxf5 13.Bxf5 Re8+ 14.Ne2 gxf5 15.
O-O Nc6 16.Ng3 Qf6 17.Nh5 Qxb2 18.Rb1 Qxa2 19.Qd5 Nb4 20.Qxd6 Qxc4 21.h3 
Re6 22.Qc7 Qb5 23.Qf4 Kh8 24.Qxf5 Re7 25.Rxb4 Qxb4 26.Nf6 Bxf6 27.Qxf6+ 
Kg8 28.Qxe7 a5 29.Re1 c4 30.Qc7 c3 31.Re3 a4 32.Ne5 1-0

[Event "Open B - Condom 2009"]
[Site "Condom"]
[Date "????.??.??"]
[Round "5.5"]
[White "Moulie, Patrick"]
[Black "Maupin, Kristel"]
[Result "1/2-1/2"]
[WhiteElo "1649"]
[BlackElo "1572"]
[PlyCount "104"]

1.e4 c5 2.Nc3 Nc6 3.f4 e6 4.Nf3 Nge7 5.Bb5 g6 6.O-O Bg7 7.d3 O-O 8.Ne2 Qb6
9.Bxc6 Qxc6 10.c3 d5 11.e5 b5 12.Bd2 Bb7 13.Rf2 f6 14.d4 c4 15.Qe1 Rf7 16.
Ng3 Raf8 17.Qe2 Bc8 18.a3 a6 19.Raf1 h6 20.h3 Qe8 21.Nh2 fxe5 22.fxe5 Rxf2
23.Rxf2 Rxf2 24.Qxf2 Qf7 25.Qe2 Nf5 26.Ngf1 h5 27.g4 hxg4 28.hxg4 Nh6 29.
Ng3 Qe7 30.g5 Nf5 31.Qg4 a5 32.Qh3 Qf7 33.Ng4 Nxg3 34.Qxg3 Qf5 35.Qf4 Qxf4
36.Bxf4 Bf8 37.Nf6+ Kf7 38.Bd2 a4 39.Kg2 Bg7 40.Ng4 Bd7 41.Ne3 Bf8 42.Nc2 
Be7 43.Kg3 Kg7 44.Kh4 Kf7 45.Ne3 Bc8 46.Ng4 Bd7 47.Nf6 Bc8 48.Kg3 Bd8 49.
Ng4 Be7 50.Nh6+ Kf8 51.Kf4 Bd7 52.Ng4 Kf7 1/2-1/2

[Event "Open B - Condom 2009"]
[Site "Condom"]
[Date "????.??.??"]
[Round "2.11"]
[White "Bernard, Christophe"]
[Black "Broly, Jean-Christophe"]
[Result "0-1"]
[WhiteElo "1440"]
[BlackElo "1474"]
[PlyCount "96"]

1.e4 c6 2.d4 d5 3.exd5 cxd5 4.h3 Bf5 5.Bb5+ Nc6 6.Nf3 Qb6 7.Nc3 e6 8.a3 
Nf6 9.Qe2 Bd6 10.O-O O-O 11.Bg5 Nxd4 12.Nxd4 Qxd4 13.Rad1 Qe5 14.Qxe5 Bxe5
15.Ba4 Bxc3 16.bxc3 Ne4 17.Bb3 Nxc3 18.Rde1 Ne4 19.Be3 Rfd8 20.h4 d4 21.
Bc1 Nc5 22.Rd1 Nxb3 23.cxb3 Bc2 24.Rd2 Bxb3 25.Bb2 d3 26.Rb1 Bc2 27.Re1 
Rac8 28.Rc1 h6 29.f3 a5 30.Kf2 b5 31.Ke3 b4 32.a4 Bxa4 33.Ra1 Bc2 34.Rxa5 
Ra8 35.Rc5 b3 36.Rb5 Ra2 37.Bc3 Rc8 38.Bd4 f6 39.f4 Rc4 40.Rxd3 Bxd3 41.
Kxd3 Rxd4+ 42.Kxd4 Rxg2 43.Rxb3 Rg4 44.Kc5 Rxf4 45.Kd6 Rxh4 46.Kxe6 Re4+ 
47.Kf5 Re5+ 48.Kg6 Rg5# 0-1

[Event "CONDOM 2012 OpenA "]
[Site "Condom"]
[Date "????.??.??"]
[Round "3.10"]
[White "Iwanesko, Alexandre"]
[Black "Marty, Brice"]
[Result "1-0"]
[WhiteElo "2213"]
[BlackElo "2027"]
[PlyCount "80"]

1.Nc3 c5 2.Nf3 Nc6 3.d4 cxd4 4.Nxd4 Nf6 5.g3 e5 6.Nb3 a5 7.a4 d5 8.Bg2 Be6
9.O-O Bb4 10.Bg5 Bxc3 11.bxc3 O-O 12.Nc5 Qe7 13.Nxe6 fxe6 14.Rb1 Rad8 15.
Rb5 Na7 16.Rb3 Nc8 17.Qb1 Nd6 18.Be3 Nfe4 19.Bxe4 Nxe4 20.Rxb7 Rd7 21.Rb3 
d4 22.cxd4 exd4 23.Bc1 Rc8 24.Rb8 Rc7 25.Qb6 Nc3 26.Re1 Qd7 27.Rxc8+ Rxc8 
28.Qxa5 Qxa4 29.Qe5 Qc4 30.Bb2 Rc5 31.Qb8+ Rc8 32.Qb7 Rc7 33.Qb6 Kf7 34.
Bxc3 Qxc3 35.Rd1 e5 36.Rd3 Qc6 37.Rf3+ Ke6 38.Qb3+ Qc4 39.Qb8 Qxe2 40.Qb6+
Kd7 1-0

[Event "OPEN A"]
[Site "Condom"]
[Date "????.??.??"]
[Round "2.50"]
[White "Saunders, Mark"]
[Black "Jouanneau, Armand"]
[Result "1-0"]
[WhiteElo "1849"]
[BlackElo "1620"]
[PlyCount "37"]

1.e4 e5 2.f4 exf4 3.Nf3 d5 4.exd5 Nf6 5.Nc3 c6 6.d4 Nxd5 7.Nxd5 Qxd5 8.
Bxf4 Be7 9.Be2 Bf5 10.O-O Qe4 11.Bxb8 Rxb8 12.Bd3 Qe3+ 13.Kh1 Bxd3 14.Re1 
Bxc2 15.Qxc2 Qh6 16.Qc5 Qf6 17.Rxe7+ Kd8 18.Rae1 b6 19.Qe5 1-0

[Event "OPEN A"]
[Site "Condom"]
[Date "????.??.??"]
[Round "2.2"]
[White "Laurain, Dominique"]
[Black "Inkiov, Ventzislav"]
[Result "0-1"]
[WhiteElo "2013"]
[BlackElo "2473"]
[PlyCount "70"]

1.d4 Nf6 2.Nc3 d5 3.Bg5 Nbd7 4.e3 e6 5.Nf3 c5 6.Bd3 Qb6 7.Rb1 c4 8.Be2 Bb4
9.O-O Qa5 10.Ne5 Nxe5 11.dxe5 Bxc3 12.exf6 Bxf6 13.Bxf6 gxf6 14.e4 dxe4 
15.Bxc4 Bd7 16.b4 Qe5 17.Qe2 f5 18.b5 Rc8 19.a4 Rg8 20.Rbd1 f4 21.Qd2 Rd8 
22.Qd4 Qxd4 23.Rxd4 f3 24.g3 f5 25.Rfd1 Ke7 26.Kf1 h5 27.Ke1 h4 28.gxh4 
Rh8 29.Rd6 Rxh4 30.Bxe6 Rxh2 31.Rxd7+ Rxd7 32.Bxd7 Rh1+ 33.Kd2 Rxd1+ 34.
Kxd1 Kxd7 35.Kd2 f4 0-1

[Event "CONDOM 2012 OpenA "]
[Site "Condom"]
[Date "????.??.??"]
[Round "1.3"]
[White "Dumitrache, Dragos-Nicolae"]
[Black "Roussiere, Christophe"]
[Result "1-0"]
[WhiteElo "2447"]
[BlackElo "2041"]
[PlyCount "91"]

1.d4 Nf6 2.c4 e6 3.Nc3 Bb4 4.Qc2 c5 5.dxc5 O-O 6.Bg5 Bxc5 7.Nf3 Nc6 8.e3 
b6 9.Rd1 Bb7 10.Be2 Rc8 11.O-O Be7 12.b3 a6 13.Qb2 d6 14.Rd2 Qc7 15.Rfd1 
Rfd8 16.h3 Ne5 17.Nxe5 dxe5 18.Rxd8+ Rxd8 19.Rxd8+ Qxd8 20.b4 h6 21.Bh4 
Nd7 22.Bxe7 Qxe7 23.Qd2 Nf6 24.a3 Qd7 25.Qxd7 Nxd7 26.Bd1 Kf8 27.Ba4 Ke7 
28.Bxd7 Kxd7 29.h4 a5 30.f3 axb4 31.axb4 Bc6 32.b5 Bb7 33.Kf2 f5 34.Ke2 g5
35.hxg5 hxg5 36.Kd2 Kc7 37.Kc2 Ba8 38.e4 Bb7 39.Kd3 f4 40.Na4 Bc8 41.c5 
bxc5 42.Kc4 Kd6 43.Nxc5 Kc7 44.Nd3 Kd6 45.Nc5 Kc7 46.Kb3 1-0

[Event "Open B - Condom 2009"]
[Site "Condom"]
[Date "????.??.??"]
[Round "1.4"]
[White "Broly, Jean-Christophe"]
[Black "Charruyer, Baptiste"]
[Result "1/2-1/2"]
[WhiteElo "1474"]
[BlackElo "1670"]
[PlyCount "61"]

1.Nf3 d5 2.d4 Nf6 3.e3 c6 4.Nbd2 Bf5 5.c4 e6 6.Qb3 Qb6 7.Ne5 Nbd7 8.Ndf3 
Qxb3 9.axb3 Bb4+ 10.Bd2 Bxd2+ 11.Nxd2 Nxe5 12.dxe5 Nd7 13.Nf3 O-O 14.Nd4 
Nxe5 15.cxd5 cxd5 16.Nb5 Rfd8 17.Rxa7 Rxa7 18.Nxa7 Ra8 19.f4 Rxa7 20.fxe5 
Bd3 21.Kd2 Be4 22.Bb5 Ra2 23.Kc3 Ra5 24.Kb4 Ra2 25.Rc1 g5 26.Rc8+ Kg7 27.
Rc7 Rxb2 28.Bd7 Bf5 29.Be8 Bg6 30.Bd7 Bf5 31.Be8 1/2-1/2

[Event "N3"]
[Site "?"]
[Date "????.??.??"]
[Round "6"]
[White "BOUKHRIS Yacine"]
[Black "MOREAU Emilien"]
[Result "*"]
[WhiteElo "1009"]
[BlackElo "1199"]
[PlyCount "26"]

1.d4 d5 2.Nf3 Nc6 3.Bg5 Bf5 4.g3 Nb4 5.Bg2 Nxc2+ 6.Kf1 Nxa1 7.Nc3 Nc2 8.
Nh4 Qd7 9.Nxd5 e6 10.Nxf5 exd5 11.Bh3 Qa4 12.a3 g6 13.Ne3 Nxe3+ *

[Event "OPEN A"]
[Site "Condom"]
[Date "????.??.??"]
[Round "2.13"]
[White "Marie, Adrien"]
[Black "Paci, Nicolas"]
[Result "1/2-1/2"]
[WhiteElo "2056"]
[BlackElo "1828"]
[PlyCount "48"]

1.e4 c5 2.Nf3 e6 3.d4 cxd4 4.Nxd4 Nc6 5.Be3 Nf6 6.f3 d5 7.Bb5 Bd7 8.Bxc6 
bxc6 9.e5 Ng8 10.O-O c5 11.Ne2 Qc7 12.f4 Ne7 13.Nd2 Nf5 14.Bf2 h5 15.Ng3 
g6 16.Nxf5 gxf5 17.Bh4 Be7 18.Bxe7 Kxe7 19.Rf3 Rag8 20.Qe1 h4 21.Qf2 d4 
22.Ra3 Bc6 23.g3 Rg4 24.c3 Rhg8 1/2-1/2

[Event "OPEN A"]
[Site "Condom"]
[Date "????.??.??"]
[Round "8.17"]
[White "Marciniak, Alexandre"]
[Black "Larand, Manuel"]
[Result "1-0"]
[WhiteElo "2152"]
[BlackElo "1953"]
[PlyCount "55"]

1.e4 c6 2.Nc3 g6 3.d4 d6 4.Be3 b5 5.Bd3 a6 6.f4 Nf6 7.a3 Bg7 8.h3 Nbd7 9.
Nf3 Nb6 10.O-O O-O 11.Qe1 Nfd7 12.Qh4 e6 13.Qf2 Bb7 14.Rad1 Qc7 15.f5 c5 
16.Qh4 cxd4 17.fxg6 fxg6 18.Ng5 Rxf1+ 19.Rxf1 Nf8 20.Rf7 Qxf7 21.Nxf7 dxc3
22.bxc3 Kxf7 23.Bxb6 Rc8 24.Ba5 d5 25.Qf2+ Kg8 26.Qa7 dxe4 27.Qxb7 exd3 
28.cxd3 1-0

[Event "OPEN A"]
[Site "Condom"]
[Date "????.??.??"]
[Round "7.10"]
[White "Vandervorst, Jean-Marc"]
[Black "Lacroix, Romain"]
[Result "1/2-1/2"]
[WhiteElo "2035"]
[BlackElo "2141"]
[PlyCount "53"]

1.d4 d5 2.Nf3 Nf6 3.e3 c6 4.Nbd2 Bf5 5.b3 Nbd7 6.Bb2 e6 7.Be2 Be7 8.O-O 
O-O 9.c4 h6 10.Ne5 Nxe5 11.dxe5 Nd7 12.g4 Bh7 13.f4 f6 14.Nf3 fxe5 15.Nxe5
Nxe5 16.Bxe5 Bf6 17.Qd4 Bxe5 18.Qxe5 Qf6 19.Qxf6 Rxf6 20.Kg2 g5 21.Rad1 
Rd8 22.Bd3 Bxd3 23.Rxd3 c5 24.cxd5 exd5 25.f5 Rfd6 26.Rfd1 d4 27.Kf3 
1/2-1/2

[Event "OPEN A"]
[Site "Condom"]
[Date "????.??.??"]
[Round "7.29"]
[White "Berthelot, Nathan"]
[Black "Labat, Jory"]
[Result "1/2-1/2"]
[WhiteElo "1796"]
[BlackElo "1923"]
[PlyCount "44"]

1.c4 Nf6 2.d4 c5 3.d5 b5 4.cxb5 a6 5.bxa6 Bxa6 6.e3 Bxf1 7.Kxf1 g6 8.Nc3 
d6 9.b3 Bg7 10.Bb2 O-O 11.Nge2 Nbd7 12.Qc2 Qb6 13.g3 Rfb8 14.Kg2 Qb7 15.e4
Ne5 16.Rab1 Ne8 17.Bc1 Qc8 18.f4 Nd7 19.a4 Nc7 20.Nd1 Qb7 21.Nec3 e6 22.
dxe6 fxe6 1/2-1/2

[Event "Open B - Condom 2009"]
[Site "Condom"]
[Date "????.??.??"]
[Round "6.4"]
[White "Charruyer, Baptiste"]
[Black "Petitcolas, Louis"]
[Result "1/2-1/2"]
[WhiteElo "1670"]
[BlackElo "1577"]
[PlyCount "44"]

1.d4 d5 2.Nf3 Nf6 3.Bg5 Nbd7 4.Nbd2 h6 5.Bh4 e6 6.e3 Be7 7.Be2 O-O 8.c3 b6
9.Bb5 Bb7 10.Qa4 a6 11.Bxd7 Nxd7 12.Bxe7 Qxe7 13.Rc1 c5 14.O-O b5 15.Qd1 
Rac8 16.a3 e5 17.Nxe5 Nxe5 18.dxe5 Qxe5 19.Qg4 Rfd8 20.Nf3 Qe6 21.Qxe6 
fxe6 22.Ne5 a5 1/2-1/2

[Event "Open B - Condom 2009"]
[Site "Condom"]
[Date "????.??.??"]
[Round "6.13"]
[White "Dubertrand, Bernard"]
[Black "Bertrand, Marin"]
[Result "1-0"]
[WhiteElo "1626"]
[BlackElo "1440"]
[PlyCount "77"]

1.e4 e5 2.Nf3 Nc6 3.Bc4 Bc5 4.O-O d6 5.c3 Qe7 6.d3 Nf6 7.Bg5 h6 8.Bh4 g5 
9.Bg3 Bg4 10.Qb3 O-O-O 11.Nbd2 Rh7 12.Qa4 Bxf3 13.Nxf3 g4 14.Nh4 Nh5 15.
Nf5 Qd7 16.Bh4 Rg8 17.b4 Bb6 18.b5 Nd8 19.Ne7+ Kb8 20.Nxg8 Ne6 21.Qd1 Rg7 
22.Ne7 f6 23.Nf5 Rg8 24.Nxh6 Rg6 25.Nf5 Qh7 26.Bxe6 Nf4 27.Bc4 Qd7 28.a4 
d5 29.Bb3 Ba5 30.c4 d4 31.c5 Bc3 32.Ra2 b6 33.cxb6 cxb6 34.Qc1 Ka8 35.Qa3 
Kb8 36.Qf8+ Kc7 37.Bxf6 Kb7 38.Bxe5 Ne6 39.Qb8# 1-0

[Event "OPEN A"]
[Site "Condom"]
[Date "????.??.??"]
[Round "7.16"]
[White "Larand, Manuel"]
[Black "Monteau, Luc"]
[Result "1/2-1/2"]
[WhiteElo "1953"]
[BlackElo "2163"]
[PlyCount "52"]

1.c4 c5 2.Nc3 Nc6 3.g3 g6 4.Bg2 Bg7 5.e4 e6 6.Nge2 Nge7 7.O-O d6 8.d3 a6 
9.Rb1 Rb8 10.a3 b5 11.cxb5 axb5 12.b4 cxb4 13.axb4 Nd4 14.Nxd4 Bxd4 15.Ne2
Bg7 16.Be3 O-O 17.h3 Bb7 18.Qd2 Qd7 19.Rfc1 Rfc8 20.Nd4 e5 21.Nb3 Nc6 22.
f4 Nd4 23.Nxd4 exd4 24.Bf2 Rxc1+ 25.Rxc1 Rc8 26.Be1 Rc7 1/2-1/2

[Event "Open B - Condom 2009"]
[Site "Condom"]
[Date "????.??.??"]
[Round "6.1"]
[White "Espinosa, Miguel"]
[Black "Calatrava, Julian"]
[Result "1/2-1/2"]
[WhiteElo "1699"]
[BlackElo "1790"]
[PlyCount "58"]

1.d4 Nf6 2.c4 e6 3.Nc3 Bb4 4.Bd2 b6 5.Nf3 Bb7 6.e3 O-O 7.Bd3 d6 8.O-O Nbd7
9.a3 Bxc3 10.Bxc3 Ne4 11.Bd2 Nxd2 12.Nxd2 Nf6 13.Qc2 c5 14.Ne4 h6 15.dxc5 
dxc5 16.Nxf6+ Qxf6 17.Rab1 Qe5 18.Rfe1 Rfd8 19.f4 Qc7 20.Be4 Rd7 21.Bxb7 
Qxb7 22.Rbd1 Rad8 23.Rxd7 Rxd7 24.Rd1 Rxd1+ 25.Qxd1 Qe4 26.Qe2 a5 27.Kf2 
g5 28.g3 f5 29.h4 g4 1/2-1/2

[Event "Open B - Condom 2009"]
[Site "Condom"]
[Date "????.??.??"]
[Round "5.19"]
[White "Ferdjaoui, Ophelie"]
[Black "Calmels, Valentin"]
[Result "0-1"]
[WhiteElo "1099"]
[BlackElo "1280"]
[PlyCount "44"]

1.d4 d5 2.c3 Nc6 3.g3 Nf6 4.Bg2 Bf5 5.Nf3 e6 6.Be3 Bd6 7.Nbd2 O-O 8.O-O 
Qe7 9.Rc1 e5 10.Nh4 Qe6 11.Ndf3 h6 12.h3 Bg6 13.g4 Nh7 14.Nxg6 fxg6 15.b3 
b5 16.Rc2 Rab8 17.Nh4 e4 18.Nxg6 Qxg6 19.b4 Ne7 20.h4 Qxg4 21.Kh1 Qxh4+ 
22.Kg1 Qh2# 0-1

[Event "CONDOM 2012 OpenA "]
[Site "Condom"]
[Date "????.??.??"]
[Round "5.5"]
[White "Favarel, Antoine"]
[Black "Carmaciu, Lucian-Catalin"]
[Result "1/2-1/2"]
[WhiteElo "2267"]
[BlackElo "2386"]
[PlyCount "67"]

1.d4 Nf6 2.c4 d6 3.Nf3 c6 4.Nc3 Nbd7 5.g3 e5 6.e4 Be7 7.Bg2 O-O 8.O-O a6 
9.a4 a5 10.h3 exd4 11.Nxd4 Nc5 12.Be3 Re8 13.Qc2 Bf8 14.Rad1 Qb6 15.Bg5 
Nfd7 16.Rfe1 Ne6 17.Be3 Nxd4 18.Rxd4 Nc5 19.f4 Qb4 20.f5 g6 21.Bf2 Bd7 22.
g4 Rad8 23.Bh4 Nb3 24.Rdd1 Qxc4 25.Bf1 Qb4 26.Na2 Qc5+ 27.Qxc5 Nxc5 28.
Bxd8 Rxd8 29.Nc3 Re8 30.Bc4 g5 31.Kg2 Kg7 32.Kf3 h6 33.b3 Bc8 34.Kg3 
1/2-1/2

[Event "Open B - Condom 2009"]
[Site "Condom"]
[Date "????.??.??"]
[Round "6.18"]
[White "Perez, Eric"]
[Black "Espinosa, Monica"]
[Result "1-0"]
[WhiteElo "1440"]
[BlackElo "1109"]
[PlyCount "50"]

1.e4 e5 2.f4 exf4 3.Nf3 Nc6 4.Bc4 Nf6 5.d3 h6 6.O-O Bc5+ 7.Kh1 d6 8.Bxf4 
O-O 9.Nc3 Nh5 10.Bd2 Qf6 11.Qc1 Qg6 12.Be3 Bh3 13.gxh3 b6 14.Bxc5 bxc5 15.
Nd5 Rfe8 16.Bb5 Ne7 17.Bxe8 Rxe8 18.Nxe7+ Rxe7 19.Nh4 Qg5 20.Qxg5 hxg5 21.
Nf5 Re6 22.Rg1 f6 23.a4 Nf4 24.h4 Ne2 25.Rg4 Nf4 1-0

[Event "OPEN A"]
[Site "Condom"]
[Date "????.??.??"]
[Round "2.33"]
[White "Lecoultre, Patrick"]
[Black "Genov, Petar"]
[Result "0-1"]
[WhiteElo "1786"]
[BlackElo "2478"]
[PlyCount "72"]

1.d4 Nf6 2.Nf3 e6 3.c4 c5 4.d5 exd5 5.cxd5 d6 6.Nc3 g6 7.e4 Bg7 8.Be2 O-O 
9.O-O Re8 10.Qc2 Bg4 11.Nd2 Bxe2 12.Nxe2 Nxd5 13.Ng3 Nb4 14.Qc4 N8c6 15.
Nf3 d5 16.exd5 Qxd5 17.Qxd5 Nxd5 18.Rd1 Nd4 19.Nxd4 Bxd4 20.Rb1 Rad8 21.
Kf1 Kg7 22.Ne2 Bf6 23.Nf4 Nb4 24.Be3 b6 25.b3 Nxa2 26.Nd5 Rxd5 27.Rxd5 Nc3
28.Rbd1 Nxd1 29.Rxd1 Rd8 30.Rxd8 Bxd8 31.Ke2 Kf6 32.Kd3 Ke6 33.Kc4 a6 34.
b4 cxb4 35.Kxb4 Kd5 36.f3 Be7+ 0-1

[Event "Open B - Condom 2009"]
[Site "Condom"]
[Date "????.??.??"]
[Round "3.9"]
[White "Sadones, Thibault"]
[Black "Dargagnon, Sylvain"]
[Result "1-0"]
[WhiteElo "1620"]
[BlackElo "1470"]
[PlyCount "35"]

1.e4 e5 2.Nf3 Nc6 3.Bc4 Bc5 4.c3 h6 5.d4 exd4 6.cxd4 Bb4+ 7.Bd2 Bxd2+ 8.
Nbxd2 d6 9.Qb3 Qe7 10.O-O Na5 11.Qb5+ Nc6 12.d5 a6 13.Qa4 b5 14.Bxb5 Kd8 
15.Bxc6 Rb8 16.e5 g5 17.exd6 cxd6 18.Rfe1 1-0

[Event "OPEN A"]
[Site "Condom"]
[Date "????.??.??"]
[Round "6.42"]
[White "Muratet, Lucas"]
[Black "Vainguer, Guillaume"]
[Result "1/2-1/2"]
[WhiteElo "1970"]
[BlackElo "1751"]
[PlyCount "39"]

1.e4 e5 2.Nf3 Nf6 3.Nxe5 Qe7 4.Nf3 Qxe4+ 5.Be2 Be7 6.O-O O-O 7.Nc3 Qb4 8.
d4 d5 9.Bg5 Be6 10.a3 Qd6 11.Re1 c6 12.Bd3 Nbd7 13.Ne5 g6 14.f4 Ne8 15.
Bxe7 Qxe7 16.f5 Nxe5 17.Rxe5 gxf5 18.Bxf5 Ng7 19.Bd3 Qh4 20.Ne2 1/2-1/2

[Event "OPEN A"]
[Site "Condom"]
[Date "????.??.??"]
[Round "6.38"]
[White "Ortega Lopez, Adrian"]
[Black "Vuillemard, Jean-Marc"]
[Result "1/2-1/2"]
[WhiteElo "1861"]
[BlackElo "1806"]
[PlyCount "50"]

1.e4 c5 2.Nf3 g6 3.d4 cxd4 4.Nxd4 Bg7 5.Nc3 Nc6 6.Be3 Nf6 7.Qd2 Ng4 8.Nxc6
bxc6 9.Bd4 O-O 10.Bxg7 Kxg7 11.Be2 d6 12.h4 Qb6 13.Bxg4 Bxg4 14.f3 Be6 15.
h5 Rh8 16.f4 Bg4 17.f5 Bxh5 18.Rb1 h6 19.Qf4 Rab8 20.g4 Bxg4 21.Qxg4 Qe3+ 
22.Ne2 Rb4 23.Qf4 Qxf4 24.Nxf4 Rxe4+ 25.Ne2 gxf5 1/2-1/2

[Event "Open B - Condom 2009"]
[Site "Condom"]
[Date "????.??.??"]
[Round "5.7"]
[White "Albareil, Raymond"]
[Black "Boutillon, Nathanael"]
[Result "1-0"]
[WhiteElo "1555"]
[BlackElo "1620"]
[PlyCount "57"]

1.e4 e5 2.Nf3 Nc6 3.Bb5 a6 4.Ba4 Nf6 5.O-O b5 6.Bb3 Bc5 7.Nxe5 Nxe5 8.d4 
Bb6 9.dxe5 Nxe4 10.Qd5 Qh4 11.Qxf7+ Kd8 12.Qf4 Qxf4 13.Bxf4 Rf8 14.g3 Bb7 
15.Nd2 Nxf2 16.Rxf2 Bxf2+ 17.Kxf2 g5 18.Ke3 gxf4+ 19.gxf4 c5 20.c3 Kc7 21.
Rg1 Rg8 22.Bxg8 Rxg8 23.Rxg8 Bd5 24.Rg7 Bxa2 25.b3 c4 26.bxc4 bxc4 27.Kd4 
a5 28.Nxc4 a4 29.Rxh7 1-0

[Event "Open B - Condom 2009"]
[Site "Condom"]
[Date "????.??.??"]
[Round "5.2"]
[White "Calatrava, Julian"]
[Black "Ruault, Vincent"]
[Result "1-0"]
[WhiteElo "1790"]
[BlackElo "1590"]
[PlyCount "43"]

1.e4 e6 2.d4 d5 3.e5 c5 4.c3 Qb6 5.Nf3 Nc6 6.a3 Bd7 7.b4 cxd4 8.cxd4 Nge7 
9.Be3 Nf5 10.Bd3 Nxe3 11.fxe3 Be7 12.Nbd2 O-O 13.h4 h6 14.g4 g6 15.Nb3 a6 
16.Nc5 Qc7 17.h5 g5 18.Bc2 Kg7 19.Qd3 Rh8 20.O-O Nb8 21.Nxg5 Kf8 22.Ngxe6+
1-0

[Event "OPEN A"]
[Site "Condom"]
[Date "????.??.??"]
[Round "1.6"]
[White "Simon, Olivier"]
[Black "Arcusa, Michel"]
[Result "1-0"]
[WhiteElo "2322"]
[BlackElo "1898"]
[PlyCount "59"]

1.e4 d5 2.exd5 Qxd5 3.Nc3 Qa5 4.d4 c6 5.Nf3 Nf6 6.Bc4 Bg4 7.h3 Bxf3 8.Qxf3
e6 9.Bd2 Qc7 10.O-O-O Nbd7 11.g4 h6 12.h4 Nb6 13.Bb3 O-O-O 14.g5 Nfd5 15.
Ne4 Qd7 16.gxh6 gxh6 17.Nc5 Qe7 18.c4 Qf6 19.Rh3 Qxf3 20.Rxf3 Nc7 21.Rxf7 
Rxd4 22.Rxc7+ Kb8 23.Nxe6 Re4 24.Bf4 Nd5 25.Rd7+ Bd6 26.Bxd6+ Kc8 27.cxd5 
Kxd7 28.Nc5+ Kxd6 29.Nxe4+ Ke5 30.Nc5 1-0

[Event "CONDOM 2012 OpenA "]
[Site "Condom"]
[Date "????.??.??"]
[Round "1.9"]
[White "Petre, Nad-Titus"]
[Black "Berthelot, Nathan"]
[Result "1-0"]
[WhiteElo "2362"]
[BlackElo "1978"]
[PlyCount "53"]

1.c4 Nf6 2.Nc3 g6 3.g3 Bg7 4.Bg2 O-O 5.d4 d6 6.Nf3 Nc6 7.O-O Bg4 8.h3 Bxf3
9.Bxf3 e5 10.e3 Re8 11.Rb1 Qd7 12.Kh2 e4 13.Bg2 Qf5 14.b4 a5 15.a3 Re7 16.
Bd2 h5 17.Qc2 g5 18.f3 h4 19.g4 Qd7 20.fxe4 Nxg4+ 21.hxg4 Qxg4 22.Be1 axb4
23.axb4 Ra3 24.Nd5 Re8 25.Qf2 Qh5 26.Nxc7 g4 27.Qxh4 1-0

[Event "OPEN A"]
[Site "Condom"]
[Date "????.??.??"]
[Round "5.4"]
[White "Manolache, Marius"]
[Black "Benmesbah, Natacha"]
[Result "1-0"]
[WhiteElo "2479"]
[BlackElo "2151"]
[PlyCount "55"]

1.d4 Nf6 2.Bg5 b5 3.Qd3 c6 4.Nd2 Bb7 5.e4 h6 6.Bxf6 exf6 7.Qg3 Na6 8.a4 
Nc7 9.Bd3 Ne6 10.Ne2 Qc7 11.axb5 cxb5 12.Bxb5 Bd6 13.Qc3 Bc6 14.Bxc6 dxc6 
15.Ra6 c5 16.d5 Be5 17.Qc4 Nd8 18.Qa4+ Qd7 19.Qxd7+ Kxd7 20.Nc4 Re8 21.
Nb6+ axb6 22.Rxa8 Bxb2 23.Ra7+ Kd6 24.c3 Rxe4 25.Kd2 Re7 26.Rxe7 Kxe7 27.
Kc2 Ba3 28.Kb3 1-0

[Event "CONDOM 2012 OpenA "]
[Site "Condom"]
[Date "????.??.??"]
[Round "3.5"]
[White "Bressac, Stephane"]
[Black "Marholev, Dimitar"]
[Result "1/2-1/2"]
[WhiteElo "2320"]
[BlackElo "2356"]
[PlyCount "57"]

1.e4 e5 2.Nf3 Nc6 3.d4 exd4 4.Nxd4 g6 5.Nc3 Bg7 6.Be3 Nf6 7.Qd2 O-O 8.
O-O-O Re8 9.f3 d5 10.Nxc6 bxc6 11.Bh6 Bh8 12.h4 Be6 13.h5 Nxh5 14.Qe1 Bg7 
15.Bxg7 Qg5+ 16.Kb1 Kxg7 17.g4 Nf4 18.Qd2 h6 19.Qd4+ Qf6 20.g5 Qxd4 21.
gxh6+ Kf6 22.Rxd4 g5 23.Ra4 a5 24.exd5 cxd5 25.Bb5 Rh8 26.Bc6 Ra6 27.Bb5 
Raa8 28.Bc6 Ra6 29.Bb5 1/2-1/2

[Event "CONDOM 2012 OpenA "]
[Site "Condom"]
[Date "????.??.??"]
[Round "5.10"]
[White "Attal, Maxence"]
[Black "Ouerk, Yanis"]
[Result "0-1"]
[WhiteElo "1975"]
[BlackElo "2177"]
[PlyCount "50"]

1.d4 Nf6 2.c4 g6 3.Nc3 Bg7 4.e4 d6 5.Be2 O-O 6.g4 a6 7.h4 c5 8.d5 b5 9.g5 
Nfd7 10.Nf3 Qa5 11.Bd2 b4 12.Na4 Qc7 13.Bf4 Re8 14.Qd2 Nf8 15.O-O-O Bd7 
16.Qc2 Qa5 17.b3 Bxa4 18.bxa4 Nbd7 19.Rde1 Bc3 20.Bd2 Nb6 21.Bxc3 bxc3 22.
Nh2 Nxa4 23.Ng4 Rab8 24.Bd1 Nb2 25.Rh3 Nd3+ 0-1

[Event "OPEN A"]
[Site "Condom"]
[Date "????.??.??"]
[Round "7.27"]
[White "Salcedo, Marc"]
[Black "Paci, Nicolas"]
[Result "0-1"]
[WhiteElo "1967"]
[BlackElo "1828"]
[PlyCount "52"]

1.e4 c5 2.c3 d6 3.d4 Nf6 4.dxc5 Nc6 5.cxd6 Nxe4 6.Bd3 Nxd6 7.Ne2 Bg4 8.O-O
Qc7 9.h3 Bh5 10.Qb3 Bxe2 11.Bxe2 O-O-O 12.Na3 e5 13.Be3 f5 14.c4 f4 15.Bc1
Nd4 16.Bg4+ Kb8 17.Qa4 h5 18.Bd1 g5 19.b4 g4 20.Bb2 N6f5 21.hxg4 hxg4 22.
Bxg4 f3 23.Nb5 Nxb5 24.cxb5 Nd4 25.Bxd4 exd4 26.g3 Qh7 0-1

[Event "OPEN A"]
[Site "Condom"]
[Date "????.??.??"]
[Round "4.9"]
[White "Genov, Petar"]
[Black "Greabca, Irina"]
[Result "1-0"]
[WhiteElo "2478"]
[BlackElo "2061"]
[PlyCount "53"]

1.c4 e5 2.Nc3 Bb4 3.Na4 b6 4.a3 Be7 5.Nf3 e4 6.Nd4 Nf6 7.Nc3 Bb7 8.e3 O-O 
9.g4 Ne8 10.Bg2 Nd6 11.Qc2 Nxc4 12.Bxe4 Nd6 13.Bxb7 Nxb7 14.Nd5 c6 15.
Nxe7+ Qxe7 16.b3 Nd6 17.Bb2 Na6 18.O-O-O Nc7 19.Rhg1 Qe4 20.d3 Qd5 21.Kb1 
g6 22.e4 Qg5 23.h4 Qe7 24.Nf5 Nxf5 25.gxf5 Ne8 26.h5 g5 27.f6 1-0